004820000a22001330004500090001700000245015200017041001400169700003300183700002600216100003900242942001300281773003700294999001700331 aASbSeriadas10aGuía para identificación genérica de larvas de Quironómidos () en la Sabana de Bogotá. II. subfamilia Chironominae0 aEspañol1 aOspina Torres, Rodulfo959801 aRiss, Wolfgang9993891 aRuiz Moreno, Jeanet Liliana999390 cARTICULO1 tCaldasia345h1q15-33d2000g22 c14875d14875